Effectif Angleterre - Euro 2016 - Statistiques

Statistiques générales
  • Ce quiz a été pris 32 fois
  • Le résultat moyen est 14 sur 24
Statistiques - réponses
POSTE CLUB NUMERO JOUEUR % Correct
ATT Leicester City 11 Jamie Vardy
100%
G Manchester City 1 Joe Hart
96%
DEF Tottenham 2 Kyle Walker
96%
ATT Tottenham 9 Harry Kane
93%
ATT Manchester City 7 Raheem Sterling
93%
ATT Manchester United 10 Wayne Rooney
93%
MIL Liverpool 14 Jordan Henderson
85%
MIL Tottenham 20 Dele Alli
78%
DEF Chelsea 5 Gary Cahill
78%
ATT Liverpool 15 Daniel Sturridge
74%
DEF Tottenham 3 Dany Rose
70%
ATT Manchester United 22 Marcus Rashford
70%
MIL Liverpool 8 Adam Lallana
48%
DEF Manchester United 6 Chris Smalling
48%
MIL Liverpool 4 James Milner
48%
DEF Everton 16 John Stones
41%
DEF Liverpool 12 Nathaniel Clyne
41%
G Southampton 13 Fraser Forster
33%
MIL Arsenal 18 Jack Wilshere
33%
MIL Tottenham 17 Eric Dier
30%
MIL Everton 19 Ross Barkley
22%
G Burnley 23 Tom Heaton
22%
DEF Southampton 21 Ryan Bertrand
19%
COACH - - Roy Hodgson
11%
Aucun quiz correspondant
Distribution des résultats
% des personnes avec chaque résultat
Percentile par nombre de réponses
Votre historique - résultats
Vous n’avez pas pris ce quiz